Marketinganyag rendelő folyamat fejlesztése egy pénzintézetnél

Bibliográfiai részletek
Szerző: Roznyik Viktória
További közreműködők: Szabó Zsolt
Szemők Szabolcs
Dokumentumtípus: Diplomadolgozat
Kulcsszavak:Sharepoint
Nintex
fejlesztés
Online Access:http://dolgozattar.uni-bge.hu/22097

MARC

LEADER 00000nta a2200000 i 4500
001 dolg22097
005 20190515174721.0
008 190515suuuu hu om 000 hun d
040 |a BGE Dolgozattár Repozitórium  |b hun 
041 |a hu 
100 1 |a Roznyik Viktória 
245 1 0 |a Marketinganyag rendelő folyamat fejlesztése egy pénzintézetnél  |c Roznyik Viktória  |h [elektronikus dokumentum] 
695 |a Sharepoint 
695 |a Nintex 
695 |a fejlesztés 
700 1 |a Szabó Zsolt  |e ths 
700 1 |a Szemők Szabolcs  |e ths 
856 4 0 |u http://dolgozattar.uni-bge.hu/22097/1/Roznyik_Viktoria_szakdolgozat_2019.pdf  |z Dokumentum-elérés 
856 4 0 |u http://dolgozattar.uni-bge.hu/22097/2/titkositasi_kerelem.pdf  |z Dokumentum-elérés